Správa z podujatia: Slávnostná akadémia pri príležitosti 30. výročia pedagogického pracoviska PHF EU v Michalovciach

Dňa 16. októbra 2024 sa v moderných priestoroch Hotela Glamour na Zemplínskej Šírave uskutočnila významná udalosť, ktorá spojila akademickú obec, partnerov a zástupcov verejného i súkromného sektora – Slávnostná akadémia k 30. výročiu vzniku Pedagogického pracoviska Podnikovohospodárskej fakulty Eko...

Ausführliche Beschreibung

Gespeichert in:
Bibliographische Detailangaben
1. Verfasser: Szaryszová, Petra, 1984-
Weitere Verfasser: Kuhnová, Lenka, 1989-
Format: Buchkapitel
Sprache:Slowakisch
Schlagworte:
Tags: Tag hinzufügen
Keine Tags, Fügen Sie das erste Tag hinzu!

MARC

LEADER 00000naa a2200000 4500
001 0306063
005 20250120091727.1
041 0 |a slo 
044 |a SK 
245 1 0 |a Správa z podujatia: Slávnostná akadémia pri príležitosti 30. výročia pedagogického pracoviska PHF EU v Michalovciach  |c Petra Szaryszová, Lenka Kuhnová 
520 |a Dňa 16. októbra 2024 sa v moderných priestoroch Hotela Glamour na Zemplínskej Šírave uskutočnila významná udalosť, ktorá spojila akademickú obec, partnerov a zástupcov verejného i súkromného sektora – Slávnostná akadémia k 30. výročiu vzniku Pedagogického pracoviska Podnikovohospodárskej fakulty Ekonomickej univerzity v Bratislave v Michalovciach. Podujatie, ktoré podporil generálny partner SPP, sa stalo dôstojnou oslavou troch desaťročí úspešného pôsobenia a význam pedagogického pracoviska pre vzdelávanie a rozvoj regiónu Zemplína. 
610 2 0 |a pracovisko 
610 2 0 |a pedagógovia 
610 2 0 |a školy vysoké 
610 2 0 |a udalosti sociálne 
610 2 0 |a obce 
610 2 0 |a vzdelávanie 
610 2 0 |a rozvoj hospodársky 
610 2 0 |a rozvoj osobný 
100 1 |a Szaryszová, Petra, 1984- 
700 1 |a Kuhnová, Lenka, 1989-